| 000 | 00488nam a2200157Ia 4500 | ||
|---|---|---|---|
| 008 | 230907s9999||||xx |||||||||||||| ||und|| | ||
| 082 |
_a621.3095491 _bWAQ |
||
| 100 |
_aWaqas Ahmad Khalil (00000170673) _9116444 |
||
| 245 | 0 | _aTechno-Economic Analysis of LEED Certification of Homes in Pakistan / | |
| 260 |
_aUSPCAS-E, NUST, _bIslamabad : _c2019 |
||
| 300 | _a64 p. | ||
| 520 | _aTH-146 | ||
| 650 | _aMS-ESE Thesis MS Thesis | ||
| 700 | _aDr. Muhammad Bilal Sajid | ||
| 942 |
_cTHE _2ddc |
||
| 999 |
_c601825 _d601825 |
||